000 00602nam a2200217 i 4500
001 13729
003 ES-MaACL
005 20250929063047.0
007 t|
008 980629s1982 fr ||||1| fre d
020 _a2-7073-0625-8
080 _a316:1
080 _a1:316
100 1 _aBourdieu, Pierre,
_d1930-2002
_930964
245 1 0 _aLeçon sur la leçcon /
_cPierre Bourdieu.
260 _aParis :
_bLes Editions de Minuit,
_c[1982]
300 _a55 p. ;
_c18 cm.
650 1 4 _aSociología-
_xFilosofía.
_917199
852 _aES-MaACL
_jL-21157
_bR.113313
999 _c13729
_d13729